| 000 | 01497nam0a22003371 4500 | ||
|---|---|---|---|
| 001 | rc\2277155 | ||
| 005 | 20250623040627.0 | ||
| 035 | _a(NLR Aleph) 006557034 | ||
| 090 |
_a6802904 _c6802904 |
||
| 100 | _a20110829d1979 |||y0rusy50 ca | ||
| 101 | 1 |
_arus _cgeo |
|
| 102 | _aRU | ||
| 105 | _ay z ||||| | ||
| 200 | 1 |
_aПамятник эриставов _fПер., исслед. и примеч. С.С. Какабадзе _g[Гл. ред. Ш.В. Дзидзигури (гл. ред.) и др.] |
|
| 210 |
_aТбилиси _cМецниереба _d1979 |
||
| 215 |
_a54 с. _d21 |
||
| 225 | 1 |
_aПамятники грузинских источников литературы _f... _v2 |
|
| 225 | 1 |
_aИсточники по истории Грузии _fАН ГССР, Комис. по источникам истории Грузии _v12 |
|
| 300 | _aРез. англ. | ||
| 320 | _aУказ. имен, геогр. назв., терминов: с. 47-52 | ||
| 607 |
_aГрузинская ССР _jИсточники и источниковедение _xИстория _z11-15 вв. _2psbo |
||
| 686 |
_aТ3(2Г)44,012 _2rubbk |
||
| 702 | 1 |
_aДзидзигури _bШ.В. _gШота Варламович _4340 |
|
| 702 | 1 |
_aКакабадзе _bС.С. _gСаурмаг Саркисович _4730 _4212 |
|
| 801 | 0 |
_aRU _bNLR _gpsbo |
|
| 801 | 1 |
_aRU _bELAR _2rusmarc |
|
| 852 |
_aNLR _j79-6/239 |
||
| 899 |
_aRuMoRGB _jГруз 104/106 |
||
| 899 |
_aRuMoRGB _jГруз 104/108 |
||
| 942 | _cBOOK | ||
| 980 | _aNB | ||